00996nam a2200253 a 4500001001000000003000400010005001700014008004100031020001500072040002500087082002000112100004100132245015900173260005100332300002100383500005000404504005300454586007300507600003000580650002400610650005300634650002700687700002800714000008530OSt20260321073638.0090917s2005 dr 001 0 spa d a9993422797 aDO-SdBNPcBNPHUbspa aRD864.44bB742e1 aEstévez Aristy, Justiniano,d1962-10aLuces y sombras en la cuentística de Juan Bosch /cJustiniano Estévez Aristy ; correción de estilo y cuidado de la edición Margarita Noboa Warder. aPuerto Plata :bEdiciones Renovación,c2005. a141 p. ;c23 cm. aIncluye bibliografia de Juan Bosch: p.137-143 aIncluye referencias bibliográficas [p.137-143] aObra ganadora del Premio Nacional de Ensayo "Rufino Martínez" 200510a Bosch, Juan, d1909-2001 0aEnsayos dominicanos 4aCuentos dominicanosxHistoria e interpretación 0aLiteratura dominicana.1 aNoboa Warder, Margarita